Η νεραϊδες : φαντασμαγορικόν δράμα εις πραξεις τρείς και εικόνας εξ μετ' ασμάτων και χορών

Αποθηκεύτηκε σε:
Λεπτομέρειες βιβλιογραφικής εγγραφής
Κύριος συγγραφέας: Περεσιάδης, Σπυρίδων, 1854-1918
Μορφή: Βιβλίο
Γλώσσα:Greek
Δημοσίευση: Εν Αθήναις : Μιχαήλ Ι. Σαλίβερου, [19--?]
Σειρά:Δραματική & Ποιητική Βιβλιοθήκη Σπυρίδωνος Περεσιάδου
Θέματα:
Ετικέτες: Προσθήκη ετικέτας
Δεν υπάρχουν, Καταχωρήστε ετικέτα πρώτοι!

MARC

LEADER 00000cam a2200000 a 4500
001 1/115096
008 171002nyyyy####gr | ||| |||| ||gre||
040 |a GR-MyUa  |b gre  |c GR-MyUa  |e AACR2 
041 0 |a gre 
082 7 |a 889.2  |2 (23) 
100 1 |a Περεσιάδης, Σπυρίδων,   |d 1854-1918. 
245 1 2 |a Η νεραϊδες :   |b φαντασμαγορικόν δράμα εις πραξεις τρείς και εικόνας εξ μετ' ασμάτων και χορών /   |c Σπυρίδωνος Περεσιάδου.  
260 |a Εν Αθήναις :   |b Μιχαήλ Ι. Σαλίβερου,   |c [19--?] 
300 |a 64 σ. ;   |c 22 εκ.  
490 1 |a (Δραματική & ποιητική Βιβλιοθήκη Σπυρίδωνος Περεσιάδου)  
650 0 |a Greek drama, Modern  |y 20th century. 
830 0 |a Δραματική & Ποιητική Βιβλιοθήκη Σπυρίδωνος Περεσιάδου 
852 |a INST  |b SAMOS  |e 20171002  |h 889.2 ΠΕΡ  |p 005300044803  |q 005300044803  |t BK  |y 23 
970 |a Φιλιππή  |b Φάλη  |z 02-10-2017